Co to za logo? #3 (Kluby piłkarskie) - Statystyki

Ogólne statystyki
  • Ten quiz został rozwiązany 158 razy
  • Średni wynik to 12 z 16
Statystyki odpowiedzi
Obrazkowy Odpowiedź % Poprawnych
Real Betis
94%
Celta Vigo
91%
Wolfsburg
88%
Mallorca
86%
Villareal
86%
Hamburger SV
81%
Augsburg
79%
Hull City
79%
Hannover 96
78%
Boca Juniors
77%
CSKA Moskwa
77%
PAOK Saloniki
77%
Palermo
75%
Lokomotiw Moskwa
67%
Corinthians Paulista
34%
Rosario Central
16%
Nie znaleziono quizów pasujących do podanych kryteriów
Rozkład punktacji
Procent ludzi z każdym wynikiem
Percentyl według liczby udzielonych odpowiedzi
Twoja historia wyników
Nie rozwiązałeś tego quizu